ARRUPE JESUIT UNIVERSITY

CORONAVIRUS -STOP THE SPREAD - CLEAN,DISINFECT,COVER

Language & human understanding : (Record no. 123790)

MARC details
000 -LEADER
fixed length control field 01148cam a2200313 i 4500
001 - CONTROL NUMBER
control field 17703943
003 - CONTROL NUMBER IDENTIFIER
control field ARRUPE
005 - DATE AND TIME OF LATEST TRANSACTION
control field 20151112121344.0
008 - FIXED-LENGTH DATA ELEMENTS--GENERAL INFORMATION
fixed length control field 130419s2014 dcu b 001 0 eng
010 ## - LIBRARY OF CONGRESS CONTROL NUMBER
LC control number 2013012079
020 ## - INTERNATIONAL STANDARD BOOK NUMBER
International Standard Book Number 9780813221748 (cloth : alk. paper)
040 ## - CATALOGING SOURCE
Original cataloging agency DLC
Language of cataloging eng
Transcribing agency DLC
Description conventions rda
Modifying agency DLC
042 ## - AUTHENTICATION CODE
Authentication code pcc
050 00 - LIBRARY OF CONGRESS CALL NUMBER
Classification number P143
Item number .B73 2014
082 00 - DEWEY DECIMAL CLASSIFICATION NUMBER
Classification number 401
Edition number 23
300 ## - PHYSICAL DESCRIPTION
Dimensions 26 cm
100 1# - MAIN ENTRY--PERSONAL NAME
Personal name Braine, David.
9 (RLIN) 21095
245 10 - TITLE STATEMENT
Title Language & human understanding :
Remainder of title the roots of creativity in speech and thought /
Statement of responsibility, etc David Braine.
246 3# - VARYING FORM OF TITLE
Title proper/short title Language and human understanding
300 ## - PHYSICAL DESCRIPTION
Extent xv, 797 pages ;
504 ## - BIBLIOGRAPHY, ETC. NOTE
Bibliography, etc Includes bibliographical references (pages 755-775) and indexes.
650 #0 - SUBJECT ADDED ENTRY--TOPICAL TERM
Topical term or geographic name as entry element Comparative linguistics
General subdivision History.
9 (RLIN) 21096
650 #0 - SUBJECT ADDED ENTRY--TOPICAL TERM
Topical term or geographic name as entry element Cognitive grammar
General subdivision History.
9 (RLIN) 21097
650 #0 - SUBJECT ADDED ENTRY--TOPICAL TERM
Topical term or geographic name as entry element Typology (Linguistics)
9 (RLIN) 18135
650 #0 - SUBJECT ADDED ENTRY--TOPICAL TERM
Topical term or geographic name as entry element Communication
General subdivision History.
9 (RLIN) 21098
650 #0 - SUBJECT ADDED ENTRY--TOPICAL TERM
Topical term or geographic name as entry element Psycholinguistics
General subdivision History.
9 (RLIN) 21099
906 ## - LOCAL DATA ELEMENT F, LDF (RLIN)
a 7
b cbc
c orignew
d 1
e ecip
f 20
g y-gencatlg
942 ## - ADDED ENTRY ELEMENTS (KOHA)
Source of classification or shelving scheme Library of Congress Classification
Koha item type Monograph ( Printed materials)
Holdings
Withdrawn status Lost status Source of classification or shelving scheme Damaged status Not for loan Collection code Home library Current library Shelving location Date acquired Total Checkouts Full call number Barcode Date last seen Date checked out Price effective from Koha item type
    Library of Congress Classification     Main Collection ARRUPE LIBRARY ARRUPE LIBRARY Main Collection 12/11/2015 1 P143 .B73 2014 46500005566 17/12/2018 20/11/2015 12/11/2015 Monograph ( Printed materials)

 

Arrupe Library. PO Box MP320 Mt Pleasant, Harare, Zimbabwe
263 242 745411|librarian@aju.ac.zw